Gods and heroes :itan legends of the golden age: book one

Αποθηκεύτηκε σε:
Λεπτομέρειες βιβλιογραφικής εγγραφής
Κύριος συγγραφέας: OLUSANYA, Oladele
Μορφή: Βιβλίο
Γλώσσα:Αγγλικά
Έκδοση: Maven Publishes 2020
Ετικέτες: Προσθήκη ετικέτας
Δεν υπάρχουν, Καταχωρήστε ετικέτα πρώτοι!

MARC

LEADER 00000nam a22000007a 4500
008 240227b |||||||| |||| 00| 0 eng d
020 |a 9789785413014 
100 |a OLUSANYA, Oladele 
245 |a Gods and heroes  |b :itan legends of the golden age: book one  |c Oladele Olusanya  |g xv, 345p'ill 
260 |b Maven Publishes  |c 2020  |h Ibadan Nigeria  |i 701615  |i 701617  |i 701618  |i 701619  |i 701620  |i 701621  |i 701622  |i 701623  |l PR9387.9.Ol9  |m Yoruba (African poeple) - History-Fiction  |m Gods, Yoruba-Fiction  |m Mythology, Yoruba 
942 |a lcc  |c BK  |e Johnson  |f 27/02/24 
952 |0 0  |1 0  |2 lcc  |4 0  |6 PR93879 O L9  |7 0  |9 4902  |a ART  |b HOL  |c LP  |d 2024-02-27  |l 0  |o PR9387.9.Ol9  |p 2024-0153  |r 2024-02-27 00:00:00  |t 701615  |w 2024-02-27  |y BK 
952 |0 0  |1 0  |2 lcc  |4 0  |6 PR93879 O L9  |7 0  |9 4903  |a ART  |b HOL  |c LP  |d 2024-02-27  |l 0  |o PR9387.9.Ol9  |p 2024-0154  |r 2024-02-27 00:00:00  |t 701617  |w 2024-02-27  |y BK 
952 |0 0  |1 0  |2 lcc  |4 0  |6 PR93879 O L9  |7 0  |9 4904  |a ART  |b HOL  |c LP  |d 2024-02-27  |l 0  |o PR9387.9.Ol9  |p 2024-0155  |r 2024-02-27 00:00:00  |t 701618  |w 2024-02-27  |y BK 
952 |0 0  |1 0  |2 lcc  |4 0  |6 PR93879 O L9  |7 0  |9 4905  |a ART  |b HOL  |c LP  |d 2024-02-27  |l 0  |o PR9387.9.Ol9  |p 2024-0156  |r 2024-02-27 00:00:00  |t 701619  |w 2024-02-27  |y BK 
952 |0 0  |1 0  |2 lcc  |4 0  |6 PR93879 O L9  |7 0  |9 4906  |a HOL  |b HOL  |c LP  |d 2024-02-27  |l 0  |o PR9387.9.Ol9  |p 2024-0157  |r 2024-02-27 00:00:00  |t 701620  |w 2024-02-27  |y BK 
952 |0 0  |1 0  |2 lcc  |4 0  |6 PR93879 O L9  |7 0  |9 4907  |a HOL  |b HOL  |c LP  |d 2024-02-27  |l 0  |o PR9387.9.Ol9  |p 2024-0158  |r 2024-02-27 00:00:00  |t 701621  |w 2024-02-27  |y BK 
952 |0 0  |1 0  |2 lcc  |4 0  |6 PR93879 O L9  |7 0  |9 4908  |a HOL  |b HOL  |c LP  |d 2024-02-27  |l 0  |o PR9387.9.Ol9  |p 2024-0159  |r 2024-02-27 00:00:00  |t 701622  |w 2024-02-27  |y BK 
952 |0 0  |1 0  |2 lcc  |4 0  |6 PR93879 O L9  |7 0  |9 4909  |a HOL  |b HOL  |c LP  |d 2024-02-27  |l 0  |o PR9387.9.Ol9  |p 2024-0160  |r 2024-02-27 00:00:00  |t 701623  |w 2024-02-27  |y BK 
999 |c 2437  |d 2437